Statistics for Coronation Street- Fiz Brown

Click here to take the quiz!

General Stats

  • This quiz has been taken 272 times
  • The average score is 10 of 16

Answer Stats

HintAnswer% Correct
Name their daughterHope
94%
Name Fiz's brotherChesney
93%
Name Fiz's ex-husbandJohn Stape
92%
Who did he have an affair with and then kidnap?Rosie Webster
81%
What was his profession when they met?Teacher
81%
Whats the name of her nephew? (her brothers son)Joseph
79%
What is Fiz short for?Fiona
78%
Name Fiz's motherCilla
74%
Whats the name of his daughterRuby
73%
Who did Fiz first date when she arrived on the street?Kirk Sutherland
62%
Who plays Fiz?Jennie McAlpine
52%
Who plays her brother?Sam Aston
48%
Who is Fiz currently seeing after they declared their love for each other?Tyronne Dobbs
47%
Where did they get married?In Prison
33%
Fiz is sent to prison for murder. Whos murder?Colin Fishwick
23%
When did she first appear on the street?20 April 2001
7%

Score Distribution

Percentile by Number Answered

Percent of People with Each Score

Your Score History

You have not taken this quiz